Escarpe productor de agua / (Registro nro. 19214)

Detalles MARC
000 -CABECERA
Campo de control 00931nam a2200229 a 4500
005 - FECHA Y HORA DE LA ULTIMA TRANSACCION
Campo de control 20180803170345.0
008 - ELEMENTOS DE LONGITUD FIJA—INFORMACION GENERAL
Campo de control 161229s2010 ck o||||r|||| 00| 0 spa d
040 ## - FUENTE DE CATALOGACIÓN
Agencia catalogadora original CO-BoIAVH
Agencia transcriptora CO-BoIAVH
041 0# - IDIOMA
Código de idioma para texto/pista de sonido o título separado Español
044 ## - PAÍS DE PUBLICACIÓN
País de publicación Colombia
090 ## - CLASIFICACIÓN LOCAL
Colección FG-
Consecutivo 0123
245 00 - MENCION DE TITULO
Título Escarpe productor de agua /
Mención de responsabilidad investigación y fotografías Eduardo Calderón Sáenz
260 ## - PUBLICACION, DISTRIBUCION, ETC. (PIE DE IMPRENTA)
Lugar de publicación, distribución, etc. Bogotá? (Colombia) :
Nombre del editor, distribuidor, etc. Asociación Colombiana de Reservas Naturales de la Sociedad Civil Reserva Natural Trejos,
Fecha de publicación, distribución, etc. 2010.
300 ## - DESCRIPCION FISICA
Extensión 20 páginas aproximadamente :
Otros detalles físicos fotografías a color ;
Dimensiones 22 x 15 cm.
650 26 - ASIENTO SECUNDARIO DE MATERIA - TERMINO TEMATICO
Término temático o nombre geográfico como elemento de entrada Conservación de la diversidad biológica
9 (RLIN) 78184
650 26 - ASIENTO SECUNDARIO DE MATERIA - TERMINO TEMATICO
Término temático o nombre geográfico como elemento de entrada Recursos hídricos
9 (RLIN) 92528
651 #0 - ASIENTO SECUNDARIO DE MATERIA - NOMBRE GEOGRAFICO
Nombre geográfico Zipacón (Cundinamarca, Colombia)
9 (RLIN) 78181
651 #0 - ASIENTO SECUNDARIO DE MATERIA - NOMBRE GEOGRAFICO
Nombre geográfico Cachipay (Cundinamarca, Colombia)
9 (RLIN) 78182
651 #0 - ASIENTO SECUNDARIO DE MATERIA - NOMBRE GEOGRAFICO
Nombre geográfico Anolaima (Cundinamarca, Colombia)
9 (RLIN) 78183
700 1# - ASIENTO SECUNDARIO - NOMBRE PERSONAL
Nombre personal Calderón-Sáenz, Eduardo
Término de relación investigador
9 (RLIN) 3427
942 ## - ELEMENTOS ADICIONALES (KOHA)
Sistema de clasificación Local
Tipo de ítem Folleto
Existencias
Withdrawn status Lost status Sistema de Clasificación Damaged status No para préstamo Colección Inventariado Ubicación Permanente Ubicación actual Fecha de adquisición Total Checkouts Número topográfico Inventario / Código de Barras Date last seen Ejemplar Price effective from Forma de adquisición Tipo de material
    Local     Hemeroteca Inventariado 2017 Bogotá Bogotá 30/12/2016   FG-0123 040915 30/12/2016 Ej. 1 30/12/2016 Donación Folleto